000 00375pab a2200145 454500
008 180718b2002 xxu||||| |||| 00| 0 eng d
100 _aRichards, John F.
245 _aThe opium industry in British India
260 _c2002
300 _ap.149-80.
362 _aApr-Sep
650 _aNarcotic drugs
773 _aIndian Economic and Social History Review
909 _a53833
999 _c53833
_d53833